000 00562ckm a22002055a 4500
001 L141681
008 071213q1950 xxk eng u
035 _a(Sirsi) u141681
041 0 _aeng
110 2 _aLarkin Bros. Ltd
245 0 1 _a[Photograph of committee room]
_h[graphic]
260 _cca. 1950
300 _a1 photograph
_bb&w
_c15 x 21 cm.
340 _aPhotograph
351 _cSingle item
500 _aPhotograph is of a room possibly in 11 Great George Street.
651 4 _aLondon
690 _aABOUT RICS-RICS HEADQUARTERS
942 _n0
999 _c116748
_d116748